00728nam a2200241 a 4500001001300000003000900013005001700022008004100039020001000080082001700090100001600107245004100123260003100164300000900195500003500204505004100239650003300280650002600313902000800339942000700347952011700354999001500471nice12345678IN_TiNIC20260116011433.0050524s0000 egya grp 000 0 ara  ac10000a181.07bGHA2 aGhazali, Al aMaqasidul Falasifa Li Hujjatul Islam aEgyptnbSaadat Pressc0000 a328p aincludes index and biblioraphy2 a12 Volumes in Bounded in Six Volumes aPhilosophy-Islamic-Al-Jawini aAl-Ghazali-Philosophy bSRS cBK 001040708StackRoom-aHMIbHMId2007-03-16g100.00l0o181.07 GHA2p04648r2007-03-16v100.00w2005-05-24yBK c1526d1526